00000000nam 2200000zi 4500
0019.954360
003CaOODSP
00520250821093502
006m     o  d f      
007cr mn ||||||||
008250821e20241218oncd    obs  f000 0 fre d
040 |aCaOODSP|bfre|erda|cCaOODSP
043 |an-cn---
0861 |aCS82-003/2024-12-2F-PDF
1001 |aBushnik, Tracey, |eauteur.
24510|aDe BpTRU à OMRON : |bincidence de l’utilisation d’un dispositif différent de mesure automatique de la tension artérielle sur les estimations de la tension artérielle chez les enfants et les jeunes / |cpar Tracey Bushnik, Robert Myette et Janine Clarke.
264 1|a[Ottawa] : |bStatistique Canada = Statistics Canada, |cle 18 décembre 2024.
264 4|c©2024
300 |a1 ressource en ligne (pages 17-33) : |bgraphiques.
336 |atexte|btxt|2rdacontent/fre
337 |ainformatique|bc|2rdamedia/fre
338 |aressource en ligne|bcr|2rdacarrier/fre
4901 |aRapports sur la santé, |x1209-1375 ; |vvol. 35, no. 12, [2]
500 |aPublié aussi en anglais sous le titre : From BpTRU to OMRON : the impact of changing automated blood pressure measurement devices on blood pressure estimates among children and youth.
504 |aComprend des références bibliographiques (pages 32-33).
520 |a« La présente étude vise à évaluer les différences entre les valeurs de la tension artérielle mesurées au moyen des deux dispositifs chez les enfants et les jeunes âgés de 6 à 17 ans et à examiner s’il serait possible d’élaborer des équations pour comparer les mesures de la tension mesurée à l’aide des deux dispositifs » -- Page 17.
650 6|aPression artérielle|zCanada|xMesure|vStatistiques.
650 6|aPression artérielle|zCanada|vStatistiques.
650 6|aEnfants|xSanté et hygiène|zCanada|vStatistiques.
650 6|aJeunesse|xSanté et hygiène|zCanada|vStatistiques.
655 7|aStatistiques|2rvmgf
7102 |aStatistique Canada, |eorganisme de publication.
77508|tFrom BpTRU to OMRON : |w(CaOODSP)9.954356
830#0|aRapports sur la santé (Collection)|x1209-1375 ; |vvol. 35, no. 12, [2].|w(CaOODSP)9.950257
85640|qPDF|s2.25 Mo|uhttps://publications.gc.ca/collections/collection_2025/statcan/82-003-x/CS82-003-2024-12-2-fra.pdf
85641|qHTML|sS.O.|uhttps://www150.statcan.gc.ca/n1/pub/82-003-x/2024012/article/00002-fra.htm